Tratado de mineralogía / (Record no. 86989)

MARC details
000 -LEADER
campo de control de longitud fija 00670nam a2200193 i 4500
001 - NÚMERO DE CONTROL
campo de control 86989
003 - IDENTIFICADOR DE NÚMERO DE CONTROL
campo de control ES-MaACL
005 - FECHA Y HORA DE LA ÚLTIMA TRANSACCIÓN
campo de control 20230906175551.0
007 - CAMPO FIJO DE DESCRIPCIÓN FÍSICA--INFORMACIÓN GENERAL
campo de control de longitud fija t|
008 - DATOS DE LONGITUD FIJA--INFORMACIÓN GENERAL
campo de control de longitud fija 041217s1947 sp ||||1| spa d
100 1# - ENTRADA PRINCIPAL--NOMBRE DE PERSONA
Nombre de persona Klockmann, F.
9 (RLIN) 68283
245 10 - MENCIÓN DEL TÍTULO
Título Tratado de mineralogía /
Mención de responsabilidad, etc. F. Klockmann, P. Randohz ; versión de la 12ª edición alemana por Francisco Pardillo Vázquez.
260 ## - PUBLICACIÓN, DISTRIBUCIÓN, ETC.
Lugar de publicación, distribución, etc. Barcelona :
Nombre del editor, distribuidor, etc. Gustavo Gili,
Fecha de publicación, distribución, etc. 1947 (
Fabricante Sociedad Alianza de Artes Gráficas)
300 ## - DESCRIPCIÓN FÍSICA
Extensión 702 p. :
Otras características físicas il. ;
Dimensiones 25 cm.
650 04 - PUNTO DE ACCESO ADICIONAL DE MATERIA--TÉRMINO DE MATERIA
Término de materia o nombre geográfico como elemento de entrada Mineralogía.
9 (RLIN) 15053
700 1# - ENTRADA AGREGADA--NOMBRE PERSONAL
Nombre de persona Randohz, P.
9 (RLIN) 95410
700 1# - ENTRADA AGREGADA--NOMBRE PERSONAL
Nombre de persona Pardillo Vázquez, Francisco.
9 (RLIN) 88953
852 ## - LOCALIZACIÓN
Ubicación ES-MaACL
Número de control de estantería C-4646
Sublocalización o colección R.25084
Holdings
Estatus retirado Estado de pérdida Estado de daño No para préstamo Biblioteca de origen Biblioteca actual Ubicación en estantería Fecha de adquisición Fuente de adquisición Total de préstamos Signatura topográfica completa Código de barras Visto por última vez Precio de reemplazo Tipo de ítem Koha
        Biblioteca del Ateneo de Madrid Biblioteca del Ateneo de Madrid Sala Palomar 17/01/2008     C-4646 1090887 23/02/2023 23/02/2023 Libro impreso